000 00572nam a2200181Ia 4500
008 151018s9999 xx 000 0 und d
082 _bRBASDV47754
_a370
100 _aशरद इंदुरखा
245 _aआओ प्रयोग करे
250 _b1
260 _bबिंदिया प्रकाशन
_c2008
300 _a16
600 _aशरद इंदुरखा
630 _aआओ प्रयोग करे
700 _aशरद इंदुरखा
730 _aआओ प्रयोग करे
942 _cBOOK
999 _c1046886
_d1046883